[Event "Obb. Jugend-EM 2011 U14"]
[Site "Mühldorf am Inn"]
[Date "2011.03.11"]
[Round "1"]
[White "Semmler, Dominik"]
[Black "Obermayer, Tobias"]
[Result "1-0"]
[BlackElo "1083"]
[WhiteElo "1497"]

1.e4 Nf6 2.e5 Nd5 3.d4 d6 4.exd6 cxd6 5.c4 Nf6 6.Nc3 Bf5 7.Nf3 Nbd7 8.Bd3 Bg4 9.O-O
g6 10.h3 Bxf3 11.Qxf3 b6 12.Ne4 Bg7 13.Re1 O-O 14.Be3 Rc8 15.Rac1 Nxe4 16.Bxe4 Nf6
17.Red1 Nxe4 18.Qxe4 Qd7 19.Qd3 Rfd8 20.b3 Rc7 21.d5 Qc8 22.Rc2 Qa6 23.Bd4 Bh6 24.Re1
Qc8 25.Rce2 Re8 26.Bf6 Bf8 27.Bg5 Qd7 28.a4 Rb7 29.Bf4 Bg7 30.Qg3 Rd8 31.Qh4 Bf6
32.Bg5 Bxg5 33.Qxg5 f6 34.Qg3 Re8 35.Re6 Kf7 36.Qe3 Kg7 37.h4 Rc7 38.g4 Rb7 39.h5
Rc7 40.hxg6 hxg6 41.Kg2 Rb7 42.Rh1 Rg8 43.Qh6+ Kf7 44.Qe3 Qd8 45.g5 Rh8 46.Rxh8 Qxh8
47.gxf6 exf6 48.Rxd6 Re7 49.Re6 Qe8 50.Rxe7+ Qxe7 51.Qxe7+ Kxe7 52.Kf3 Kd6 53.b4
a6 54.Ke4   1-0

[Event "Obb. Jugend-EM 2011 U14"]
[Site "Mühldorf am Inn"]
[Date "2011.03.11"]
[Round "1"]
[White "Brunner, Maximilian"]
[Black "Wheeler, Sebastian"]
[Result "1/2-1/2"]
[BlackElo "1469"]
[WhiteElo "1069"]

1.d4 Nf6 2.Bf4 d5 3.e3 Nc6 4.Bd3 e6 5.Nf3 Bd6 6.Bxd6 cxd6 7.O-O e5 8.Bb5 Qe7 9.Bxc6+
bxc6 10.Re1 O-O 11.Nc3 Bg4 12.dxe5 dxe5 13.e4 d4 14.Na4 Rad8 15.b3 Nd7 16.h3 Bh5
17.a3 Nb6 18.Nb2 Qf6 19.g4 Bg6 20.Qd3 Qf4 21.Nd2 Qg5 22.Nf3 Qf4 23.Nd2 Qg5   1/2-1/2

[Event "Obb. Jugend-EM 2011 U14"]
[Site "Mühldorf am Inn"]
[Date "2011.03.11"]
[Round "1"]
[White "Gauchel, Lorenz"]
[Black "Zelinski-Zunik, David"]
[Result "1-0"]
[BlackElo "1014"]
[WhiteElo "1336"]

1.d4 d5 2.Bf4 Nc6 3.e3 Bf5 4.c3 Nf6 5.Nd2 e6 6.Ngf3 Bd6 7.Ne5 Ne4 8.Be2 O-O 9.O-O
f6 10.Nxc6 bxc6 11.Bxd6 cxd6 12.Bf3 Rb8 13.Qc1 c5 14.Nxe4 dxe4 15.Be2 Qb6 16.b3 Rfc8
17.Qd2 Qa5 18.Rfc1 cxd4 19.Qxd4 Rd8 20.c4 d5 21.cxd5 Rxd5 22.Qc3 Rbd8 23.Qxa5 Rxa5
24.Kf1 Rd2 25.a3 e5 26.b4 Ra4   1-0

[Event "Obb. Jugend-EM 2011 U14"]
[Site "Mühldorf am Inn"]
[Date "2011.03.11"]
[Round "1"]
[White "Debus, Robert"]
[Black "Walter, Tobias"]
[Result "0-1"]
[BlackElo "1334"]
[WhiteElo "965"]

1.e4 e6 2.d4 d5 3.e5 c5 4.c3 Nc6 5.Bb5 Qb6 6.Bxc6+ bxc6 7.Nf3 Ba6 8.b3 cxd4 9.cxd4
c5 10.Be3 Rc8 11.Nbd2 Nh6 12.dxc5 Bxc5 13.Bxc5 Qxc5 14.h3 Nf5 15.Nf1 Qc3+ 16.N3d2
Qxe5+   0-1

[Event "Obb. Jugend-EM 2011 U14"]
[Site "Mühldorf am Inn"]
[Date "2011.03.11"]
[Round "1"]
[White "Stöhler, Jörn"]
[Black "Waller, Stefan"]
[Result "1-0"]
[BlackElo "943"]
[WhiteElo "1313"]

1.e4 e5 2.Nf3 Nc6 3.Bb5 d6 4.d4 exd4 5.Nxd4 Bd7 6.O-O Nf6 7.Re1 Be7 8.Nf5 Bxf5 9.exf5
O-O 10.Nc3 a6 11.Ba4 b5 12.Bb3 Ne5 13.a4 c6 14.Bf4 Nfd7 15.Ne4 Qc7 16.Bg3 d5 17.Nd2
f6 18.Kh1 Bd6 19.Nf3 Kh8 20.Nd4 Nc5 21.axb5 axb5 22.Ba2 Rfe8 23.Ne6 Nxe6 24.fxe6
Rxe6 25.f4 Rae8 26.fxe5 Bxe5 27.Bxe5 Rxe5 28.Rxe5 Qxe5 29.h3 Qxb2 30.Bb3 Rd8 31.Ra6
Qc3 32.Qd3 Qe1+ 33.Kh2 Qe5+ 34.Qg3 Rc8 35.Qxe5 fxe5 36.Kg3 Kg8 37.Kg4 Kf7 38.Kf5
e4 39.Rxc6 e3 40.Bxd5+ Ke8 41.Rxc8+ Kd7 42.Rc3 Kd6 43.Bf3   1-0

[Event "Obb. Jugend-EM 2011 U14"]
[Site "Mühldorf am Inn"]
[Date "2011.03.11"]
[Round "1"]
[White "Boneberger, Tobias"]
[Black "Weinzierl, Alexander"]
[Result "1/2-1/2"]
[BlackElo "1262"]
[WhiteElo "844"]

1.e4 e6 2.d4 d5 3.e5 c5 4.c3 cxd4 5.cxd4 Nc6 6.Nf3 f6 7.Bf4 fxe5 8.Bxe5 Nf6 9.Bb5
Bd6 10.Qa4 Qd7 11.Bxd6 Qxd6 12.Ne5 Bd7 13.Bxc6 Bxc6 14.Nxc6 Qxc6 15.Qxc6+ bxc6 16.Nd2
O-O 17.Rc1 Rac8 18.Nb3 Nd7 19.O-O Rfe8 20.f4 Nf8 21.Na5 Nd7 22.Nxc6 Ra8 23.Ne5 Nxe5
24.fxe5 Rac8 25.b3 a5 26.a3 Rxc1 27.Rxc1 Rb8 28.Rc3 g5 29.Kf2 Kf7 30.Ke2 Kg6 31.g4
h5 32.gxh5+ Kxh5 33.Kd2 Rf8 34.Ke2 Rf4 35.Ke3 Rh4 36.b4 axb4 37.axb4 Rxh2 38.b5 Rb2
39.Rc6 Rxb5 40.Rxe6 Rb3+ 41.Kf2 Rd3 42.Rf6 Rxd4 43.e6 Re4 44.Kg3 g4 45.Rf5+ Kg6 46.Rxd5
Kf6 47.e7 Kxe7 48.Rg5   1/2-1/2

[Event "Obb. Jugend-EM 2011 U14"]
[Site "Mühldorf am Inn"]
[Date "2011.03.12"]
[Round "2"]
[White "Wallter, Tobias"]
[Black "Semmler, Dominik"]
[Result "0-1"]
[BlackElo "1497"]
[WhiteElo "1334"]

1.d4 d5 2.Bf4 Nf6 3.e3 e6 4.c4 c5 5.dxc5 Bxc5 6.Nf3 O-O 7.Nc3 Bb4 8.Qb3 Qa5 9.Nd2
Bxc3 10.Qxc3 Qxc3 11.bxc3 b6 12.Be2 Bb7 13.O-O dxc4 14.Bxc4 Bd5 15.Bb3 Rc8 16.c4
Bb7 17.Rac1 Nh5 18.Be5 Nc6 19.Bb2 Na5 20.Bc3 Nc6 21.Ne4 Rd8 22.Rfd1 Rxd1+ 23.Rxd1
Rd8 24.Nd6 Ba6 25.Nb5 Rxd1+ 26.Bxd1 Nf6 27.Bf3 Na5 28.Bxa5 bxa5 29.Nd6 Kf8 30.Bb7
Ne8 31.Bxa6 Nxd6 32.Kf1 Ke7 33.Ke1 Kd7 34.c5 Ne4 35.Bb5+ Kc7 36.Be8 f6 37.c6 Nc3
38.Bf7 Nxa2 39.Bxe6 Nb4 40.Bb3 Kxc6 41.Ba4+ Kc5 42.Kd2 Nd5 43.Bb3 Nb6 44.Kc3 a4 45.Bg8
h6 46.Bf7 Nd5+ 47.Kb2 Nb6 48.Kc3 Nc8 49.f3 Nd6 50.Be6 Nb5+ 51.Kb2 Kb4 52.Bf7 a3+
53.Kc2 Nc3 54.Bg8 a2 55.Kb2 Nd1+ 56.Kxa2 Nxe3 57.g4 Nf1 58.h4 Nh2 59.Bd5 Kc5   0-1

[Event "Obb. Jugend-EM 2011 U14"]
[Site "Mühldorf am Inn"]
[Date "2011.03.12"]
[Round "2"]
[White "Stöhler, Jörn"]
[Black "Gauchel, Lorenz"]
[Result "1-0"]
[BlackElo "1336"]
[WhiteElo "1313"]

1.e4 c5 2.Nf3 Nc6 3.d4 cxd4 4.Nxd4 g6 5.Nc3 Bg7 6.Nf3 d6 7.Bg5 Nf6 8.Bb5 O-O 9.O-O
Bg4 10.Bxc6 bxc6 11.e5 Nd5 12.Nxd5 cxd5 13.Qxd5 Bxf3 14.Qxf3 Bxe5 15.Rae1 Qc7 16.c3
e6 17.Re2 d5 18.h3 Bg7 19.Qe3 Rfc8 20.Bf4 Qc4 21.a3 Rc6 22.Rd1 a6 23.Be5 Bxe5 24.Qxe5
Rb6 25.Rdd2 Rab8 26.g3 Rb3 27.h4 Qc8 28.h5 Qf8 29.f3 Qg7 30.hxg6 hxg6 31.Qd6 R3b6
32.Qf4 Rb3 33.Kf2 Qf8 34.Ke1 Qg7 35.Kd1 Kf8 36.Rxe6 Rxb2 37.Rxb2 Rxb2 38.Qd6+ Kg8
39.Re8+ Kh7 40.Qxd5 Qxc3 41.Qxf7+ Qg7 42.Qxg7+ Kxg7 43.Re3 Kf6 44.a4 g5 45.Ke1 Kf5
46.Re2 Rb1+ 47.Kf2 Rb4 48.Ra2 Rb3 49.a5 Rc3 50.Rd2 Rc5 51.Ra2 Rc3 52.g4+ Ke5 53.Re2+
Kd5 54.Re8 Rc5 55.Rg8 Kc4 56.Kg3 Rxa5 57.Rg6 Kd4 58.Kf2 Ra2+ 59.Kg3 a5 60.Rxg5 a4
61.Ra5 a3 62.g5 Ra1 63.g6 $2 a2 $2 (63...Rg1+ 64.Kf4 Rxg6 65.Rxa3) 64.Kf2 Rb1 65.Rxa2
Rb8 66.f4 Ke4 67.Kg3 Kf5 68.g7 Rg8 69.Ra7 Kf6 70.Kg4 Rxg7+ 71.Rxg7 Kxg7 72.Kg5 Kf7
73.Kf5 Kf8 74.Kf6 Kg8 75.Ke7 Kg7 76.f5   1-0

[Event "Obb. Jugend-EM 2011 U14"]
[Site "Mühldorf am Inn"]
[Date "2011.03.12"]
[Round "2"]
[White "Wheeler, Sebastian"]
[Black "Werz, Andreas"]
[Result "0-1"]
[BlackElo "1169"]
[WhiteElo "1469"]

1.e4 e5 2.Nc3 Nc6 3.Nf3 Nf6 4.Bc4 h6 5.d3 Bc5 6.Be3 Bxe3 7.fxe3 O-O 8.d4 exd4 9.exd4
d6 10.O-O Bg4 11.d5 Bxf3 12.gxf3 Ne5 13.Bd3 Qc8 14.Rf2 Qh3 15.Bf1 Qc8 16.Rg2 Ng6
17.Qd2 Qe8 18.Re1 Qe5 19.Qe3 Qf4 20.Qxf4 Nxf4 21.Rf2 Rfe8 22.Bg2 Re5 23.Ne2 Nxe2+
24.Rexe2 Rg5 25.f4 Rg4 26.e5 Nxd5 27.exd6 cxd6 28.Re4 f5 29.Rd4 Nf6 30.Kh1 Re8 31.Rf1
Ne4 32.Bxe4 Rxe4 33.Rxe4 fxe4 34.f5 Kf7 35.Rd1 Ke7 36.Rd4 b5 37.h3 Rf4 38.Kg2 Rxf5
39.Rxe4+ Re5 40.Rxe5+ dxe5 41.Kf3 Ke6 42.Ke4 g6 43.b3 h5 44.c4 bxc4 45.bxc4 Kd6 46.a4
Kc5 47.Kxe5 Kxc4 48.Kf6 Kb4 49.Kxg6 h4 50.Kg5 Kxa4 51.Kxh4 Kb5 52.Kg5 a5 53.h4 a4
54.h5 a3 55.h6 a2 56.h7 a1=Q 57.Kg6 Qh8 58.Kh6 Qf6+ 59.Kh5 Qg7 60.Kh4 Qxh7+ 61.Kg5
Qf7 62.Kg4 Kc5 63.Kg5 Kd5 64.Kg4 Ke4 65.Kg3 Qf3+ 66.Kh4 Qg2 67.Kh5 Kf5 68.Kh6 Qg6#
  0-1

[Event "Obb. Jugend-EM 2011 U14"]
[Site "Mühldorf am Inn"]
[Date "2011.03.12"]
[Round "2"]
[White "Weinzierl, Alexander"]
[Black "Brunner, Maximilian"]
[Result "1-0"]
[BlackElo "1069"]
[WhiteElo "1262"]

1.d4 d5 2.c4 e6 3.Nc3 Nf6 4.e3 c5 5.Nf3 Bd6 6.b3 O-O 7.Bd3 b6 8.e4 dxe4 9.Nxe4 Nc6
10.dxc5 Bxc5 11.Nxc5 bxc5 12.O-O Qc7 13.Bb2 Ng4 14.h3 Nge5 15.Nxe5 Nxe5 16.Be4 Nc6
17.Qh5 h6 18.Qxc5 Bb7 19.Be5 Qxe5 20.Qxe5 Nxe5 21.Bxb7 Rab8 22.Be4 f5 23.Bc2 Rfd8
24.Rfe1 Nd3 25.Bxd3 Rxd3 26.Rxe6 Rd2 27.Ra6 Rb7 28.Rc1 Rc7 29.c5 Kf7 30.b4 Rb2 31.a3
Ke7 32.Re1+ Kd7 33.Re5 Rc6 34.Rxa7+ Kd8 35.Rxf5 Ke8 36.Rff7 Rc8 37.Rxg7 Kd8 38.Rg8#
  1-0

[Event "Obb. Jugend-EM 2011 U14"]
[Site "Mühldorf am Inn"]
[Date "2011.03.12"]
[Round "2"]
[White "Obermayer, Tobias"]
[Black "Boneberger, Tobias"]
[Result "1/2-1/2"]
[BlackElo "844"]
[WhiteElo "1083"]

1.e4 e6 2.d3 Ne7 3.Bf4 c6 4.Nd2 d5 5.g3 Nd7 6.Bg2 e5 7.Bg5 f6 8.Bh4 g5 9.Bxg5 fxg5
10.Ngf3 Ng6 11.Nb3 d4 12.O-O Bd6 13.c3 c5 14.Nfd2 Nb6 15.Na5 Qc7 16.Rc1 Be6 17.Nab3
Nd7 18.cxd4 exd4 19.Nxd4 Ngf8 20.Qh5+ Bf7 21.Qe2   1/2-1/2

[Event "Obb. Jugend-EM 2011 U14"]
[Site "Mühldorf am Inn"]
[Date "2011.03.12"]
[Round "2"]
[White "Zelinski-Zunik, David"]
[Black "Waller, Stefan"]
[Result "0-1"]
[BlackElo "943"]
[WhiteElo "1014"]

1.e4 e5 2.Nf3 Nc6 3.Bc4 Be7 4.d4 exd4 5.Nxd4 Nxd4 6.Qxd4 Nf6 7.e5 Ng8 8.e6 Bf6 9.exf7+
Kf8 10.fxg8=Q+ Rxg8 11.Qd3 Rh8 12.Nc3 d6 13.O-O Bd7 14.Nd5 Be5 15.Qf3+ Ke8 16.Nb6
Rf8 17.Qxf8+ Kxf8 18.Nxa8 Qxa8 19.Re1 Qd8 20.f4 Bf6 21.c3 b5 22.Be6 Bxe6 23.Rxe6
Kf7 24.Re4 d5 25.Rb4 c6 26.a4 Qb6+ 27.Kf1 Qa6 28.Be3 Be7 29.Rd4 Bc5 30.Rd3 Bxe3 31.Rxe3
b4+ 32.Kf2 bxc3 33.Rxc3 Qb6+ 34.Kg3 Qxb2 35.Rac1 d4 36.Rxc6 Qb3+ 37.Kg4 Qxa4 38.R6c4
Qd7+ 39.f5 h5+ 40.Kf4 Qd6+ 41.Kg5 Qf6+ 42.Kf4 Qh4+ 43.Ke5 Qxh2+ 44.Kxd4 Qf4+ 45.Kc3 $4
Qxc1+ 46.Kd4 Qf4+ 47.Kc3 Qxf5 48.g3   0-1

[Event "Obb. Jugend-EM 2011 U14"]
[Site "Mühldorf am Inn"]
[Date "2011.03.12"]
[Round "3"]
[White "Werz, Andreas"]
[Black "Stöhler, Jörn"]
[Result "0-1"]
[BlackElo "1313"]
[WhiteElo "1169"]

1.e4 e6 2.Nf3 c5 3.Nc3 Nf6 4.d3 d5 5.exd5 Nxd5 6.Nxd5 exd5 7.Qe2+ Be7 8.Bd2 Nc6 9.Qe3
O-O 10.O-O-O Re8 11.Be1 h6 12.Kb1 Bg4 13.Be2 Qb6 14.Qd2 Bf6 15.c3 a5 16.h3 Bf5 17.Qf4
Rxe2 18.Rd2 Bxd3+ 19.Ka1 a4 20.Rxe2 Bxe2 21.Qe3 Bxf3 22.Qxf3 c4 23.Qxd5 a3 24.bxa3
Rxa3 25.Qxc4 Qd8 26.Kb2 Ra8 27.Qb5 Ne5 28.Qb3 Qd3 29.Kc1 Bg5+ 30.Kb2 Nc4+ 31.Ka1
Qe2 32.Rh2 Qxe1+ 33.Qb1 Qxc3+   0-1

[Event "Obb. Jugend-EM 2011 U14"]
[Site "Mühldorf am Inn"]
[Date "2011.03.12"]
[Round "3"]
[White "Semmler, Dominik"]
[Black "Weinzierl, Alexander"]
[Result "1-0"]
[BlackElo "1262"]
[WhiteElo "1497"]

1.d4 d5 2.c4 Nf6 3.Nc3 e6 4.e3 c5 5.Nf3 Nc6 6.Bd3 b6 7.O-O Bb7 8.cxd5 exd5 9.Bb5 Be7
10.Ne5 Qd6 11.Qa4 Rc8 12.Qxa7 Ba8 13.Qxb6 cxd4 14.Qxd4 O-O 15.Nxc6 Bxc6 16.Bxc6 Qxc6
17.a4 Rb8 18.Rd1 Rfd8 19.Qd3 Bb4 20.Bd2 Ne4 21.Rdc1 Nc5 22.Qc2 Ba5 23.Nb1 Bxd2 24.Nxd2
Rdc8 25.Ra3 Qb7 26.Rc3 g6 27.Rxc5 Rxc5 28.Qxc5 Qxb2 29.Qc2 Qxc2 30.Rxc2 Rb4 31.Ra2
h5 32.a5 Kg7 33.a6   1-0

[Event "Obb. Jugend-EM 2011 U14"]
[Site "Mühldorf am Inn"]
[Date "2011.03.12"]
[Round "3"]
[White "Gauchel, Lorenz"]
[Black "Debus, Robert"]
[Result "1-0"]
[BlackElo "965"]
[WhiteElo "1336"]

1.d4 d5 2.Bf4 Nc6 3.e3 a6 4.Nd2 Nf6 5.Ngf3 Bg4 6.Be2 e6 7.O-O Bd6 8.Bg3 O-O 9.c4 Bxg3
10.hxg3 Rb8 11.Rc1 Bxf3 12.Nxf3 Na5 13.cxd5 exd5 14.Ne5 Nd7 15.Qd2 Nxe5 16.Qxa5 Nc6
17.Qc5 Rc8 18.Bxa6 bxa6 19.Qxc6 a5 20.Rc5 Rb8 21.Rxd5 Qe7 22.Rxa5 Rxb2 23.Qc4 Rb4
24.Qc5 Qxc5 25.Rxc5 Rc8 26.Rfc1 h6 27.g4 Ra4 28.Rxc7 Rxc7 29.Rxc7 Rxa2 30.g3 f6 31.Kg2
Ra5 32.Kf3 f5 33.gxf5 Rxf5+ 34.Ke2 g5 35.g4 Rb5 36.f3   1-0

[Event "Obb. Jugend-EM 2011 U14"]
[Site "Mühldorf am Inn"]
[Date "2011.03.12"]
[Round "3"]
[White "Boneberger, Tobias"]
[Black "Walter, Tobias"]
[Result "1-0"]
[BlackElo "1334"]
[WhiteElo "844"]

1.e4 e6 2.d4 d5 3.e5 c5 4.c3 Nc6 5.Be3 Qb6 6.Qd2 cxd4 7.cxd4 Nh6 8.Bxh6 gxh6 9.Nf3
Bg7 10.Nc3 Bd7 11.Rc1 O-O 12.Na4 Qd8 13.Nc5 Be8 14.Nxb7 Qb6 15.Nc5 Rb8 16.b3 Kh8
17.Bd3 Nb4 18.Bb1 Na6 19.Qd3 Qa5+ 20.Nd2   1-0

[Event "Obb. Jugend-EM 2011 U14"]
[Site "Mühldorf am Inn"]
[Date "2011.03.12"]
[Round "3"]
[White "Waller, Steafn"]
[Black "Wheeler, Sebastian"]
[Result "1/2-1/2"]
[BlackElo "1469"]
[WhiteElo "943"]

1.e4 e5 2.Nf3 Nc6 3.d4 exd4 4.c3 Nf6 5.Qd3 dxc3 6.Nxc3 d6 7.Be2 Nb4 8.Qd1 Be7 9.a3
Nc6 10.Bf4 O-O 11.O-O Nh5 12.Be3 Nf6 13.Rc1 Ne5 14.Bd4 Nxf3+ 15.Bxf3 Be6 16.Re1 Qd7
17.Qd3 c6 18.Rcd1 Rfd8 19.Bxf6 Bxf6 20.h3 Be5 21.Rd2 Bf4 22.Rdd1 Bb3 23.Rb1 Be5 24.Ne2
Be6 25.Nd4 Bxd4 26.Qxd4 d5 27.exd5 Bxd5 28.Bxd5 Qxd5 29.Qxd5 cxd5 30.Rbd1 Rac8 31.Re5
d4 32.Re7 g6 33.Rxb7 d3 34.Kf1 Rc2 35.Rb3 d2 36.Ke2 Re8+ 37.Kd3 Rc7 38.Kxd2 Rd8+
39.Rd3 Rb8 40.Rb1 Rcb7 41.Kc2 Rc7+ 42.Rc3 Re7 43.Re3 Rc7+ 44.Rc3 Re7 45.Re3 Rc7+
46.Rc3   1/2-1/2

[Event "Obb. Jugend-EM 2011 U14"]
[Site "Mühldorf am Inn"]
[Date "2011.03.12"]
[Round "3"]
[White "Brunner, Maximilian"]
[Black "Obermayer,Tobias"]
[Result "1/2-1/2"]
[BlackElo "1083"]
[WhiteElo "1069"]

1.d4 f5 2.Bf4 Nf6 3.e3 g6 4.Nf3 Bg7 5.Bd3 O-O 6.O-O b6 7.c4 e6 8.Nc3 Bb7 9.b3 d5 10.h3
Ne4 11.Ne2 Nd7 12.b4 c5 13.b5 Re8 14.a4 e5 15.dxe5 Nxe5 16.Nxe5 Bxe5 17.Bxe5 Rxe5
18.Nf4 Kh8   1/2-1/2

[Event "Obb. Jugend-EM 2011 U14"]
[Site "Mühldorf am Inn"]
[Date "2011.03.13"]
[Round "4"]
[White "Stöhler, Jörn"]
[Black "Semmler, Dominik"]
[Result "1/2-1/2"]
[BlackElo "1497"]
[WhiteElo "1313"]

1.e4 c5 2.Nf3 d6 3.d4 cxd4 4.Nxd4 Nf6 5.Nc3 g6 6.Bc4 Bg7 7.Bg5 O-O 8.O-O Nc6 9.Re1
Ne5 10.Bb3 Bg4 11.f3 Bd7 12.h3 Rc8 13.Rb1 a6 14.Kh1 b5 15.a3 Nc4 16.Bxc4 Rxc4 17.Nce2
e5 18.Nb3 Qc7 19.c3 Be6 20.Nd2 Rc6 21.f4 Bc4 22.fxe5 dxe5 23.Ng3 Rd8 24.Qf3 Rxd2
25.Bxd2 Rd6 26.Bg5 Rd3 27.Qf2 Nd7 28.Rbd1 Nc5 29.Be3 Bf8 30.Rg1 Qc6 31.Rxd3 Bxd3
32.Rd1 Nxe4 33.Nxe4 Bxe4 34.Qe2 f5 35.Re1   1/2-1/2

[Event "Obb. Jugend-EM 2011 U14"]
[Site "Mühldorf am Inn"]
[Date "2011.03.13"]
[Round "4"]
[White "Boneberger, Tobias"]
[Black "Werz, Andreas"]
[Result "1-0"]
[BlackElo "1169"]
[WhiteElo "844"]

1.e4 e5 2.f4 d6 3.Nf3 exf4 4.d4 Be7 5.Bxf4 Nf6 6.Nbd2 O-O 7.Bd3 Bd7 8.O-O Bg4 9.Qe1
Bxf3 10.Nxf3 Nbd7 11.Bg5 h6 12.Bxf6 Bxf6 13.e5 dxe5 14.Qe4 g6 15.Bc4 c6 16.Qxg6+
Bg7 17.dxe5 Nxe5 18.Nxe5 Qd4+ 19.Kh1 Qxe5 20.Rxf7 Rxf7 21.Qxf7+ Kh7 22.Qxb7 Qxb2
23.Bd3+ Kg8 24.Qxa8+ Bf8 25.Rf1 Qg7 26.Bc4+ Kh7 27.Qxf8 Qxf8 28.Rxf8 Kg7 29.Rf3 Kg6
30.Kg1 Kg5 31.Kf2 h5 32.Ke3 Kg4 33.Kd4 h4 34.h3+ Kg5 35.Kc5 Kg6 36.Kxc6 Kg5 37.Kb5
a6+ 38.Kxa6 Kg6 39.a4 Kg5 40.Kb7 Kg6   1-0

[Event "Obb. Jugend-EM 2011 U14"]
[Site "Mühldorf am Inn"]
[Date "2011.03.13"]
[Round "4"]
[White "Waller, Stefan"]
[Black "Gauchel, Lorenz"]
[Result "1-0"]
[BlackElo "1336"]
[WhiteElo "943"]

1.e4 c5 2.Nf3 Nc6 3.d4 cxd4 4.Nxd4 g6 5.Be3 Bg7 6.Nc3 d6 7.Be2 Nf6 8.O-O O-O 9.Qd2
Re8 10.Nf3 Bg4 11.h3 Bxf3 12.Bxf3 Ne5 13.Qe2 Qd7 14.Rad1 Rec8 15.Bf4 Nxf3+ 16.Qxf3
Qc6 17.Rfe1 Nh5 18.Rd3 Nxf4 19.Qxf4 Bf8 20.Rf3 Qe8 21.e5 dxe5 22.Rxe5 Bg7 23.Ree3
Bxc3 24.Rxc3 Rxc3 25.Rxc3 e5 26.Qc4 Qe7 27.Qc7 Re8 28.Qxe7 Rxe7 29.Kf1 Kg7 30.Ke2
f5 31.Re3 Kf6 32.Kf3 Rd7 33.g3 Rc7 34.c3 Rd7 35.Ke2 Ke6 36.f3 Rd6 37.Rd3 Rxd3 38.Kxd3
Kd5 39.c4+ Kc5 40.a3 a5 41.b3 b6 42.h4 b5 43.cxb5 Kxb5 44.g4 Kc5 45.Kc3 fxg4 46.fxg4
e4 47.b4+ axb4+ 48.axb4+ Kd5 49.b5 e3 50.Kd3 e2 51.Kxe2 Kc5 52.Ke3 Kxb5 53.Kf4 Kc4
54.Kg5 Kd5 55.Kh6 Ke6 56.Kxh7 Kf6 57.g5+ Kf7 58.Kh6 Kf8 59.Kxg6 Kg8 60.Kf6 Kf8  
1-0

[Event "Obb. Jugend-EM 2011 U14"]
[Site "Mühldorf am Inn"]
[Date "2011.03.13"]
[Round "4"]
[White "Weinzierl, Alexander"]
[Black "Walter, Tobias"]
[Result "1/2-1/2"]
[BlackElo "1334"]
[WhiteElo "1262"]

1.d4 e6 2.c4 d5 3.Nc3 Nf6 4.Nf3 Nbd7 5.e3 c6 6.Bd3 Bd6 7.O-O O-O 8.e4 dxe4 9.Nxe4
Nxe4 10.Bxe4 h6 11.b3 Nf6 12.Bd3 c5 13.Bb2 cxd4 14.Bxd4 Re8 15.Re1 Nd7 16.Be5 Nxe5
17.Nxe5 Qf6 18.Qe2 Bb4 19.Red1 Bd6 20.Re1 Bb4   1/2-1/2

[Event "Obb. Jugend-EM 2011 U14"]
[Site "Mühldorf am Inn"]
[Date "2011.03.13"]
[Round "4"]
[White "Wheeler, Sebastian"]
[Black "Zelinski-Zunik, David"]
[Result "1-0"]
[BlackElo "1014"]
[WhiteElo "1469"]

1.e4 c5 2.Nf3 Nc6 3.d4 cxd4 4.Nxd4 g6 5.Nc3 Bg7 6.Nxc6 bxc6 7.Bd2 Nf6 8.Bc4 O-O 9.O-O
e6 10.Bg5 d6 11.Qf3 Bb7 12.e5 dxe5 13.Ne4 Qd4 14.Nxf6+ Bxf6 15.Qxf6 Rfd8 16.Bh6 e4
17.Qxd4 Rxd4 18.Bb3 c5 19.Rfd1 Rad8 20.Rxd4 Rxd4 21.Be3 Rd7 22.c3 Rc7 23.Rd1 c4 24.Bh6
Bd5 25.Bc2 f5 26.Bf4 Rb7 27.b3 Kf7 28.Be5 g5 29.b4 Kg6 30.h3 f4 31.Re1 Kf5 32.Bd4
f3 33.gxf3 Kf4 34.Be3+ Ke5 35.Bd4+ Kf4 36.fxe4   1-0

[Event "Obb. Jugend-EM 2011 U14"]
[Site "Mühldorf am Inn"]
[Date "2011.03.13"]
[Round "4"]
[White "Debus, Robert"]
[Black "Brunner, Maximilian"]
[Result "0-1"]
[BlackElo "1069"]
[WhiteElo "965"]

1.e4 e5 2.Nf3 d6 3.h3 Nf6 4.Nc3 Be6 5.d3 Nc6 6.Be3 d5 7.Be2 d4 8.Bxd4 exd4 9.Nb1 Bc5
10.c3 O-O 11.O-O h6 12.cxd4 Nxd4 13.Nxd4 Bxd4 14.Nc3 a6 15.a3 c5 16.Rb1 b5 17.Bf3
c4 18.dxc4 Bxc4 19.Re1 Rb8 20.Qc2 Re8 21.Red1 Qb6 22.b3 Be6 23.Nd5 Bxd5 24.exd5 Rbc8
25.Qd2 Bc5 26.b4 Bd6 27.g3 Bxg3 28.Kg2 Bd6 29.Rbc1 Qb7 30.Rc6 Red8 31.Qc2 Qb8 32.Bg4
Nxg4 33.hxg4 Rc7 34.Rc1 Rdc8 35.f3 Bf4   0-1

[Event "Obb. Jugend-EM 2011 U14"]
[Site "Mühldorf am Inn"]
[Date "2011.03.13"]
[Round "5"]
[White "Stöhler, Jörn"]
[Black "Boneberger, Tobias"]
[Result "1-0"]
[BlackElo "844"]
[WhiteElo "1313"]

1.e4 e6 2.d4 d5 3.e5 c5 4.c3 Nc6 5.Nf3 Nge7 6.Bd3 Bd7 7.a3 c4 8.Bc2 Rc8 9.Bg5 h6 10.Bh4
Qc7 11.Nbd2 g6 12.Bf6 Rg8 13.Nf1 Bg7 14.Bxg7 Rxg7 15.Qd2 Rh7 16.h4 Nf5 17.Ne3 Nce7
18.g4 Nxe3 19.Qxe3 Rh8 20.h5 g5 21.Nd2 Bc6 22.f4 gxf4 23.Qxf4 b5 24.Rf1 Ng8 25.Bg6
Rd8 26.Bxf7+ Kd7 27.Bxe6+ Kxe6 28.Qf5+ Ke7 29.Qf7#   1-0

[Event "Obb. Jugend-EM 2011 U14"]
[Site "Mühldorf am Inn"]
[Date "2011.03.13"]
[Round "5"]
[White "Semmler, Dominik"]
[Black "Waller, Stefan"]
[Result "1-0"]
[BlackElo "943"]
[WhiteElo "1497"]

1.d4 e6 2.c4 d5 3.Nc3 Nf6 4.e3 Nc6 5.Nf3 Be7 6.Qc2 Bd7 7.Bd3 Nb4 8.Qd1 Nxd3+ 9.Qxd3
Bc6 10.cxd5 exd5 11.Ne5 Bd6 12.Nxc6 bxc6 13.O-O O-O 14.b3 c5 15.dxc5 Bxc5 16.Rd1
c6 17.Bb2 Ng4 18.h3 Ne5 19.Qe2 Re8 20.Na4 Bd6 21.Bxe5 Bxe5 22.Rac1 Qd6 23.Qc2 Rac8
24.Qc5 Qxc5 25.Rxc5 Bd6 26.Rc2 Red8 27.Nc5 Bxc5 28.Rxc5 Kf8 29.Rdc1 Rd6 30.b4 Ke7
31.Ra5 Rc7 32.Rac5 Kd7 33.b5 f6 34.g4 g6 35.Kg2 g5 36.Kg3 h6 37.h4 Re6 38.hxg5 hxg5
39.R1c3 Rd6 40.f4 Rc8 41.Kf3 Kc7 42.Ra3 d4 43.exd4 Rxd4 44.fxg5 Kd6 45.Rxc6+ Rxc6
46.bxc6 Kxc6 47.gxf6 Rd7 48.Kf4 Kd6 49.Rd3+ Ke6 50.Rxd7 Kxd7 51.Kf5 Ke8 52.g5 Kf8
53.g6 a5 54.Ke6 a4 55.g7+ Kg8 56.Ke7 a3 57.f7+ Kxg7 58.f8=Q+ Kg6 59.Qf6+ Kh7 60.Qg5
Kh8 61.Kf7 Kh7 62.Qh5#   1-0

[Event "Obb. Jugend-EM 2011 U14"]
[Site "Mühldorf am Inn"]
[Date "2011.03.13"]
[Round "5"]
[White "Obermayer, Tobias"]
[Black "Wheeler, Sebastian"]
[Result "1/2-1/2"]
[BlackElo "1469"]
[WhiteElo "1083"]

1.e4 c5 2.c3 e6 3.d4 cxd4 4.cxd4 Nf6 5.Nc3 Bb4 6.Bd3 Nc6 7.Nf3 O-O 8.Bg5 Be7 9.O-O
h6 10.Bh4 Nxe4 11.Nxe4 Bxh4 12.Bc2 d5 13.Nc3 a6 14.Re1 Bf6 15.a3 Bd7 16.Rc1 Bg5 17.Nxg5
Qxg5 18.Qd3 g6 19.Na4 Qd8 20.Qg3 Kh7 21.Nc5 Nxd4 22.Nxb7 Qb6 23.Nc5 Nxc2 24.Rxc2
Qa5 25.Rec1 Rfc8 26.h3 Qc7 27.Qf3 Bc6   1/2-1/2

[Event "Obb. Jugend-EM 2011 U14"]
[Site "Mühldorf am Inn"]
[Date "2011.03.13"]
[Round "5"]
[White "Gauchel, Lorenz"]
[Black "Brunner, Maximilian"]
[Result "1-0"]
[BlackElo "1069"]
[WhiteElo "1336"]

1.d4 d5 2.Bf4 Bf5 3.e3 e6 4.Nf3 Bd6 5.Ne5 Nf6 6.Be2 O-O 7.g4 Bg6 8.h4 h6 9.Nxg6 fxg6
10.Bd3 Bxf4 11.exf4 Qe8 12.Nd2 Nbd7 13.Qf3 c6 14.Qg3 Qf7 15.Qe3 Rfe8 16.Nf3 Nb6 17.Ne5
Qc7 18.Bxg6 Rf8 19.g5 Nc4 20.Nxc4 dxc4 21.Qxe6+ Kh8 22.Qe5 Qxe5+ (22...Rfe8 23.Bxe8
Rxe8 24.gxf6 Rxe5+ 25.fxe5) 23.fxe5 Nd7 24.e6 Rfe8 25.Bxe8 Rxe8 26.O-O-O Rxe6 27.Rhe1
Rd6 28.Re7 Kg8 29.gxh6 gxh6 30.Rg1+ Kf8 31.Rgg7 Rxd4 32.Rxd7 Rxh4 33.Rxb7 Re4 34.Kd2
h5 35.Rh7 Kg8 36.Rxh5 Re8 37.Rxa7 Rd8+ 38.Kc3 Rf8 39.Re5 Rf3+ 40.Kxc4 Rf4+ 41.Kd3
Rf3+ 42.Re3 Rf8 43.Ra4 Rd8+ 44.Rd4 Rf8 45.Rg4+ Kf7 46.Rf3+ Ke7 47.Re4+ Kd6 48.Rxf8
Kc7 49.Rb4   1-0

[Event "Obb. Jugend-EM 2011 U14"]
[Site "Mühldorf am Inn"]
[Date "2011.03.13"]
[Round "5"]
[White "Werz, Andreas"]
[Black "Weinzierl, Alexander"]
[Result "1-0"]
[BlackElo "1262"]
[WhiteElo "1169"]

1.e4 e6 2.Nf3 d5 3.exd5 exd5 4.Be2 Nf6 5.O-O c5 6.Bb5+ Nc6 7.Qe2+ Be6 8.Ng5 Qd6 9.Bxc6+
Qxc6 10.Nxe6 Qxe6 11.Qb5+ Qc6 12.Qxc6+ bxc6 13.Re1+ Be7 14.b3 Nd7 15.Bb2 f6 16.Ba3
d4 17.c3 d3 18.Re3 Nb6 19.Rxd3 O-O 20.c4 Rad8 21.Re3 Bd6 22.g3 Be5 23.Nc3 Rxd2 24.Bxc5
Bxc3 25.Rxc3 Rfd8 26.Bxb6 axb6 27.Kg2 Rb2 28.Rf3 Rdd2 29.a3 Kf7 30.a4 g5 31.g4 Re2
32.Rd1 Ke6 33.Rd8 h5 34.gxh5 g4 35.Rf4 Ke5 36.Kg3 Rxb3+ 37.Kxg4 Rbb2 38.h6 Rxf2 39.Rxf2
Rxf2 40.Kg3 Rf5 41.h7 Rh5 42.h8=Q Rxh8 43.Rxh8 Kd4 44.h4 Kxc4 45.h5 Kb4 46.h6 c5
47.h7 c4 48.Rb8 Kc3 49.Rxb6 Kd2 50.h8=Q c3 51.Rc6   1-0

[Event "Obb. Jugend-EM 2011 U14"]
[Site "Mühldorf am Inn"]
[Date "2011.03.13"]
[Round "5"]
[White "Zeleinski-Zunid, David"]
[Black "Debus, Robert"]
[Result "0-1"]
[BlackElo "965"]
[WhiteElo "1014"]

1.e4 e5 2.Nf3 d6 3.Nc3 Nf6 4.d4 exd4 5.Nxd4 c5 6.Nf3 Bg4 7.Bg5 Be7 8.h3 Bh5 9.Bc4
O-O 10.Qe2 Bxf3 11.Qxf3 Nc6 12.Nd5 Nxd5 13.Bxe7 Ndxe7 14.O-O Ne5 15.Qb3 Nxc4 16.Qxc4
Qb6 17.Rab1 Rad8 18.b3 d5 19.exd5 Nxd5 20.Rbd1 Nc7 21.Rd3 Rxd3 22.Qxd3 g6 23.Re1
Re8 24.Rd1 Ne6 25.Re1 Qc6 26.Qe3 Ng7 27.Qd2 Rxe1+ 28.Qxe1 Ne6 29.Qd2 c4 30.Qe3 cxb3
31.cxb3 b6 32.Qe5 a5 33.Qb8+ Kg7 34.Qe5+ f6 35.Qb2 Nf4 36.f3 Qc5+ 37.Kh2 Qd6 38.Kg1
Qd1+ 39.Kh2 h5 40.Qc3 Qd6 41.Kh1 g5 42.Qc8 Qe6 43.Qxe6 Nxe6 44.Kh2 f5 45.g4 hxg4
46.hxg4 fxg4 47.fxg4 Kf6 48.Kg3 Ke5 49.Kf3 Nd4+ 50.Kg3 Ne2+ 51.Kf3 Nc1   0-1